| 000 | 00602nam a22001937a 4500 | ||
|---|---|---|---|
| 005 | 20260515114926.0 | ||
| 008 | 220908b ||||| |||| 00| 0 eng d | ||
| 040 |
_aIN-DiNC _cIN-DiNC |
||
| 041 | _dasm | ||
| 082 |
_a294.3 _bMAH |
||
| 100 |
_aMahanta, Bapchandra _eauthor |
||
| 245 |
_aSankardevar byaktitwa aru satra byabastha: _bbrahmaputra upatyakar samaj chetonar itihasor adharat/ _cby Bapchandra Mahanta |
||
| 250 | _a2nd ed. | ||
| 260 |
_aGuwahati: _bPublication board Assam, _c2012 |
||
| 300 | _aviii, 112p. | ||
| 650 | _aSatro bybostha | ||
| 650 | _aSatra system in Assam | ||
| 942 |
_2ddc _cBK |
||
| 999 |
_c11348 _d11348 |
||